Pochodzenie i warianty nazwy Goduli

Titel: Pochodzenie i warianty nazwy Goduli / Barbara i Adam Podgórscy
Verfasser: ;
Veröffentlicht: Ruda Śląska : Rudzkie Towarzystwo Przyjacióło Drzew OPP, 2015
Umfang: 57, [1] s. : il., err. ; 21 cm
Format: Buch
Sprache: Polnisch
Schriftenreihe/
mehrbändiges Werk:
Historyczne nazewnictwo dzielnic Rudy Śląskiej ; 2
Schlagworte:
ISBN: 9788393961641 ; 8393961645
Buchumschlag
X
alg: 44574519
001A    $03025:01-03-19 
001B    $01999:01-03-19 $t22:38:26.000 
001D    $03025:01-03-19 
001U    $0utf8 
001X    $00 
002@    $0Aax 
003@    $0445745193 
004A    $A978-83-939616-4-1 
004A    $083-939616-4-5 
006C    $0909996124 $aOCoLC 
007A    $0445745193 $aHEB 
010@    $apol 
011@    $a2015 $n2015 
021A    $aPochodzenie i warianty nazwy Goduli $hBarbara i Adam Podgórscy 
028A    $BVerfasser $#Podgórscy, ... $4aut $7 $8Podgórska, Barbara [Tnx] $917209030X 
028C    $BVerfasser $4aut $8Podgórski, Adam Kazimierz [Tn3] $9445744278 
033A    $pRuda Śląska $nRudzkie Towarzystwo Przyjacióło Drzew OPP 
034D    $a57, [1] s. 
034I    $a21 cm 
034M    $ail., err. 
036E    $aHistoryczne nazewnictwo dzielnic Rudy Śląskiej $l2 
037A    $aBibliogr. s. 57-[58] 
044K    $RGeografischer Name $#Toponymy $#Toponymie $#Historischer Ortsname $#Siedlungsname $#Toponym $#Toponymikon $#Ortsnamen $74043950-1 $8Ortsname [Ts1] $9085122882 
044K    $RFriedenshütte $RRuda $RWoiwodschaft Schlesien $#Ślōnskŏ Ruda $#Ruda $74369145-6 $8Ruda Śla̜ska [Tg1] $9088331334 

lok: 44574519 78

exp: 44574519 78 1 #EPN
201B/01 $001-03-19 $t12:30:33.000 
201C/01 $001-03-19 
201U/01 $0utf8 
203@/01 $01046872206 
208@/01 $a01-03-19 $be 
209A/01 $a/ $f000 $x00 
209A/01 $ab*p $x01 
220C/01 $apgar 
244Z/01 $#Generalgouvernement Polen $#Polska $#Rzeczpospolita Polska $#Polska Rzeczpospolita Ludowa $#Poland $#Pologne $#République Polonaise $#Generalne Gubernatorstwo w Polsce $#Polish People's Republic $#Polska Rzeczpospolita Polen $#PRL $#RP $#Polen Generalgouvernement $#Polska Generalgouvernement $#Besetzte Polnische Gebiete $#Besetztes Gebiet in Polen $#Okupowane Polskie Obszary $#Obszary Okupowane w Polsce $#Volksrepublik Polen $#Polska Rosyjska $#Republic Polen $#Respublika Pol'ša $#Pol'skaja Narodnaja Respublika $#République de Pologne $#Polen Links der Weichsel $#Polska po Lewej Stronie Wisły $#Lenkija $#Polija $#Gubernija Carstva Pol'skago $#Republik Polen $74046496-9 $8--Tg1--Polen $x01 $9085129801 
244Z/01 $#Schlesien $#Schlesien $#Herzogtum Schlesien $#Herzogtum Schlesien Schlesien $#Provinz Schlesien $#Śla̜sk $#Slezsko $#Silesia $74052678-1 $8--Tg1--Schlesien $x02 $9085146781 
244Z/01 $8--Tg3--Ruda Śląska- Godula $x03 $9445745401 
247C/01 $82080>Marburg/Lahn, Herder-Institut, Forschungsbibliothek, Bibliographieportal $9336309341
LEADER 00000cam a22000002c 4500
001 445745193
003 DE-603
005 20190301223826.0
007 tu
008 190301s2015 xx |||| | u00||u|pol c
020 |a 9788393961641 
020 |a 8393961645 
035 |a (DE-599)HEB445745193 
040 |a DE-603  |b ger  |c DE-603  |d DE-603 
041 |a pol 
100 1 |a Podgórska, Barbara  |e Verfasser  |4 aut  |0 (DE-603)17209030X 
245 0 0 |a Pochodzenie i warianty nazwy Goduli  |c Barbara i Adam Podgórscy 
264 1 |a Ruda Śląska  |b Rudzkie Towarzystwo Przyjacióło Drzew OPP  |c 2015 
300 |a 57, [1] s.  |b il., err.  |c 21 cm 
490 0 |a Historyczne nazewnictwo dzielnic Rudy Śląskiej  |v 2 
500 |a Bibliogr. s. 57-[58] 
650 7 |a Ortsname  |0 (DE-588)4043950-1  |0 (DE-603)085122882  |2 gnd 
651 7 |a Ruda Śla̜ska  |0 (DE-588)4369145-6  |0 (DE-603)088331334  |2 gnd 
700 1 |a Podgórski, Adam Kazimierz  |e Verfasser  |4 aut  |0 (DE-603)445744278 
924 0 |9 2080  |a (DE-603)1046872206  |b DE-2080  |c HES  |d d  |g /